<?xml version="1.0" encoding="UTF-8"?>
<collection xmlns="http://www.loc.gov/MARC21/slim">
 <record>
  <leader>01098nam a2200325 a 4500</leader>
  <controlfield tag="001">elibro.ELB69255</controlfield>
  <controlfield tag="003">FlNmELB</controlfield>
  <controlfield tag="006">m     o  d |      </controlfield>
  <controlfield tag="007">cr cn|||||||||</controlfield>
  <controlfield tag="008">130205r2013    ck |||||s|||||||||||spa d</controlfield>
  <datafield tag="020" ind1=" " ind2=" ">
   <subfield code="z">9789586488501</subfield>
  </datafield>
  <datafield tag="020" ind1=" " ind2=" ">
   <subfield code="z">9781449288099</subfield>
  </datafield>
  <datafield tag="035" ind1=" " ind2=" ">
   <subfield code="a">(MiAaPQ)EBC3212034</subfield>
  </datafield>
  <datafield tag="035" ind1=" " ind2=" ">
   <subfield code="a">(Au-PeEL)EBL3212034</subfield>
  </datafield>
  <datafield tag="035" ind1=" " ind2=" ">
   <subfield code="a">(CaPaEBR)ebr10693383</subfield>
  </datafield>
  <datafield tag="035" ind1=" " ind2=" ">
   <subfield code="a">(OCoLC)1010713400</subfield>
  </datafield>
  <datafield tag="040" ind1=" " ind2=" ">
   <subfield code="a">FlNmELB</subfield>
   <subfield code="b">spa</subfield>
   <subfield code="c">FlNmELB</subfield>
  </datafield>
  <datafield tag="050" ind1=" " ind2="4">
   <subfield code="a">QA269</subfield>
   <subfield code="b">C3551 2013</subfield>
  </datafield>
  <datafield tag="080" ind1=" " ind2=" ">
   <subfield code="a">51</subfield>
  </datafield>
  <datafield tag="082" ind1="0" ind2="4">
   <subfield code="a">512.8</subfield>
   <subfield code="2">23</subfield>
  </datafield>
  <datafield tag="100" ind1="1" ind2=" ">
   <subfield code="a">Castro Puche, Róbinson.</subfield>
  </datafield>
  <datafield tag="245" ind1="1" ind2="0">
   <subfield code="a">Álgebra moderna e introducción al algebra geométrica</subfield>
   <subfield code="h">[recurso electronico]</subfield>
   <subfield code="c">Róbinson Castro Puche.</subfield>
  </datafield>
  <datafield tag="260" ind1=" " ind2=" ">
   <subfield code="a">Bogotá :</subfield>
   <subfield code="b">Ecoe Ediciones,</subfield>
   <subfield code="c">2013.</subfield>
  </datafield>
  <datafield tag="300" ind1=" " ind2=" ">
   <subfield code="a">330 p.</subfield>
  </datafield>
  <datafield tag="533" ind1=" " ind2=" ">
   <subfield code="a">Recurso electrónico. Santa Fe, Arg.: e-libro, 2015. Disponible vía World Wide Web. El acceso puede estar limitado para las bibliotecas afiliadas a e-libro.</subfield>
  </datafield>
  <datafield tag="650" ind1=" " ind2="0">
   <subfield code="a">Game theory.</subfield>
  </datafield>
  <datafield tag="650" ind1=" " ind2="4">
   <subfield code="a">Matemática.</subfield>
  </datafield>
  <datafield tag="655" ind1=" " ind2="4">
   <subfield code="a">Libros electrónicos.</subfield>
  </datafield>
  <datafield tag="710" ind1="2" ind2=" ">
   <subfield code="a">e-libro, Corp.</subfield>
  </datafield>
  <datafield tag="856" ind1="4" ind2="0">
   <subfield code="u">https://elibro.net/ereader/unsbiblio/69255</subfield>
  </datafield>
 </record>
</collection>
